000 00917cam a2200253 a 4500
001 000003110
005 20200929150331.0
008 840426s1989 ag a b s001 p spa
020 _a9509097977
040 _aDO-SdBNP
_cDLC
_dDLC
041 1 7 _aspa
_heng
082 _a811.52
_bB329m
100 1 _aBates, Milton J.
_d1851-1893
_99790
240 1 0 _aWallace Stevens, a mythology of self.
_lEspañol.
245 1 0 _aMitología del yo :
_bEl poeta Wallace Stevens /
_cMilton J. Bates; Traducción de Aníbal Leal.
260 _aBuenos Aires :
_bFraterna,
_c1989.
300 _a383 p. :
_bil. ;
_c20 cm.
504 _aIncluye referencias bibliográficas e índices.
534 _aTitulo Original:
_tWallace Stevens, a mythology of self
600 1 4 _aStevens, Wallace,
_d1879-1955.
_99791
650 4 _aPoesía estadounidense
_ySIGLO XX
_99792
700 1 _aLeal, Aníbal
_etr.
_94573
910 _aCatalogación por copia / LC
999 _c2941
_d2941